[Event "TUR-chT 1st League"]
[Site "Denizli"]
[Date "2023.07.13"]
[Round "7.76"]
[White "Caliskan, Seha"]
[Black "Tanriverdi, Enes"]
[Result "0-1"]
[WhiteElo "1902"]
[BlackElo "2383"]
[PlyCount "152"]
[EventDate "2023.07.09"]
[EventType "team-swiss"]
[EventRounds "9"]
[EventCountry "TUR"]
[SourceTitle "CBM 215 Extra"]
[Source "ChessBase"]
[SourceDate "2023.09.30"]
[SourceVersion "1"]
[SourceVersionDate "2023.09.30"]
[SourceQuality "1"]
[WhiteTeam "Yalova Belediye"]
[BlackTeam "Bulancak Ihsaniye Genclik"]
[WhiteTeamCountry "TUR"]
[BlackTeamCountry "TUR"]

1. d4 Nf6 2. Nf3 g6 3. c4 Bg7 4. Nc3 0-0 5. e4 d6 6. h3 c5 7. d5 b5 8. cxb5 a6 9. a4 axb5 10. Bxb5 Ba6 11. Be3 Nbd7 12. 0-0 Qc7 13. Qc2 Rfc8 14. Nd2 e6 15. Nc4 exd5 16. exd5 Nb6 17. Nxb6 Qxb6 18. Rfd1 Bb7 19. Rab1 Qc7 20. g4 Nd7 21. Ne4 Nb6 22. Bc6 Bxc6 23. dxc6 d5 24. Nxc5 Qxc6 25. b4 Rxa4 26. Qb3 Raa8 27. b5 Qf6 28. Bd4 Qh4 29. Bxg7 Kxg7 30. Na6 h5 31. Qe3 Rc4 32. Qxb6 Qxh3 33. Rd4 Rac8 34. Nc7 R8xc7 35. Rbd1 R7c5 36. g5 Rxd4 37. Qf6+ Kg8 38. Qxd4 Rc4 39. Rd3 Rxd4 40. Rxh3 Rb4 41. Rc3 Rxb5 42. Rc8+ Kg7 43. Rd8 Rb1+ 44. Kg2 Rd1 45. Kh2 d4 46. Kg2 d3 47. Kf3 Rg1 48. Rxd3 Rxg5 49. Kf4 Rg4+ 50. Kf3 f5 51. Rd7+ Kf6 52. Rd6+ Kg5 53. Rd8 Rf4+ 54. Kg2 Rg4+ 55. Kh2 Ra4 56. Rd6 h4 57. Kg2 Ra3 58. Rb6 h3+ 59. Kh2 Rf3 60. Ra6 Rxf2+ 61. Kxh3 Rb2 62. Rc6 Rb3+ 63. Kg2 Kh5 64. Rf6 Kg5 65. Rc6 f4 66. Kf2 Kf5 67. Rc5+ Kg4 68. Rc2 g5 69. Kg2 Rg3+ 70. Kf2 Rh3 71. Rc5 Rh2+ 72. Kg1 Ra2 73. Rd5 f3 74. Rb5 Kf4 75. Kf1 g4 76. Kg1 Ra1+ 0-1

[Event "TUR-chT 1st League"]
[Site "Denizli"]
[Date "2023.07.10"]
[Round "3.86"]
[White "Ekmekcioglu, Gokdeniz"]
[Black "Caliskan, Seha"]
[Result "1/2-1/2"]
[WhiteElo "1542"]
[BlackElo "1902"]
[PlyCount "73"]
[EventDate "2023.07.09"]
[EventType "team-swiss"]
[EventRounds "9"]
[EventCountry "TUR"]
[SourceTitle "CBM 215 Extra"]
[Source "ChessBase"]
[SourceDate "2023.09.30"]
[SourceVersion "1"]
[SourceVersionDate "2023.09.30"]
[SourceQuality "1"]
[WhiteTeam "Ankara Demirspor"]
[BlackTeam "Yalova Belediye"]
[WhiteTeamCountry "TUR"]
[BlackTeamCountry "TUR"]

1. d4 e6 2. Nf3 Nf6 3. g3 d5 4. Bg2 b5 5. 0-0 Be7 6. b3 Bb7 7. Bb2 0-0 8. Ne5 c5 9. c4 bxc4 10. bxc4 Qc7 11. dxc5 Bxc5 12. Nd2 dxc4 13. Bxb7 Qxb7 14. Nexc4 Nbd7 15. Nb3 Be7 16. Rc1 Qb5 17. Nd4 Qh5 18. Nf3 Nc5 19. Nce5 Nce4 20. Nd7 Rfd8 21. Nxf6+ Bxf6 22. Qc2 Bxb2 23. Qxb2 Qa5 24. Rc4 Nd2 25. Nxd2 Rxd2 26. Rc2 Rad8 27. Rxd2 Rxd2 28. Qb8+ Rd8 29. Qb3 h5 30. Rc1 Qe5 31. Qc2 h4 32. Rd1 Rb8 33. Qc4 hxg3 34. hxg3 a5 35. Qc2 f5 36. e3 Rb2 37. Qc4 1/2-1/2

[Event "TUR-ch U13/18"]
[Site "Antalya"]
[Date "2023.01.26"]
[Round "8"]
[White "Engin, Onur Cinar"]
[Black "Caliskan, Seha"]
[Result "1-0"]
[WhiteElo "1990"]
[BlackElo "1954"]
[PlyCount "86"]
[EventDate "2023.01.17"]
[EventType "swiss"]
[EventRounds "10"]
[EventCountry "TUR"]
[SourceTitle "EXT 2024"]
[Source "ChessBase"]
[SourceDate "2023.10.10"]
[SourceVersion "1"]
[SourceVersionDate "2023.10.10"]
[SourceQuality "1"]

1. e4 e6 2. d4 d5 3. e5 c5 4. c3 Nc6 5. Nf3 Qb6 6. Be2 Bd7 7. 0-0 cxd4 8. cxd4 Nge7 9. Nc3 Nf5 10. Na4 Qa5 11. Bd2 Qd8 12. Bf4 h6 13. g4 Nh4 14. Nxh4 Qxh4 15. Rc1 Qd8 16. Nc5 Qb6 17. Qd2 Rc8 18. Be3 Bxc5 19. Rxc5 Ne7 20. b4 a6 21. b5 axb5 22. Rxc8+ Nxc8 23. Qb4 f6 24. Rb1 Kf7 25. a4 Ne7 26. exf6 gxf6 27. h4 h5 28. gxh5 Nf5 29. h6 Qd6 30. Qxd6 Nxd6 31. axb5 Nf5 32. Rc1 Nxe3 33. fxe3 Kg6 34. Rc7 Bc8 35. h7 e5 36. b6 Kh6 37. Kf2 Rd8 38. Rf7 Kg6 39. Re7 exd4 40. exd4 f5 41. Bb5 Rh8 42. Bd7 Bxd7 43. Rxd7 Rxh7 1-0

[Event "TUR-ch U13/18"]
[Site "Antalya"]
[Date "2023.01.24"]
[Round "5"]
[White "Caliskan, Seha"]
[Black "Temizer, Umut"]
[Result "1/2-1/2"]
[WhiteElo "1954"]
[BlackElo "1989"]
[PlyCount "42"]
[EventDate "2023.01.17"]
[EventType "swiss"]
[EventRounds "10"]
[EventCountry "TUR"]
[SourceTitle "EXT 2024"]
[Source "ChessBase"]
[SourceDate "2023.10.10"]
[SourceVersion "1"]
[SourceVersionDate "2023.10.10"]
[SourceQuality "1"]

1. d4 d5 2. c4 e6 3. Nc3 Nf6 4. cxd5 exd5 5. Bg5 Be7 6. e3 c6 7. Bd3 Nbd7 8. Nge2 Nh5 9. Bxe7 Qxe7 10. Qc2 Nb6 11. 0-0 g6 12. b3 0-0 13. Qd2 Re8 14. Rae1 Ng7 15. Nc1 Bf5 16. Bxf5 Nxf5 17. Nd3 Qg5 18. Nf4 Rad8 19. Nce2 Nc8 20. Nh3 Qf6 21. f3 h5 1/2-1/2

[Event "TUR-ch U13/18"]
[Site "Antalya"]
[Date "2023.01.24"]
[Round "4"]
[White "Ozen, Metehan"]
[Black "Caliskan, Seha"]
[Result "1/2-1/2"]
[WhiteElo "2137"]
[BlackElo "1954"]
[PlyCount "37"]
[EventDate "2023.01.17"]
[EventType "swiss"]
[EventRounds "10"]
[EventCountry "TUR"]
[SourceTitle "EXT 2024"]
[Source "ChessBase"]
[SourceDate "2023.10.10"]
[SourceVersion "1"]
[SourceVersionDate "2023.10.10"]
[SourceQuality "1"]

1. e4 e6 2. d4 d5 3. Nc3 Bb4 4. exd5 exd5 5. Bd3 Nf6 6. Nge2 c6 7. 0-0 0-0 8. h3 Nbd7 9. Ng3 Re8 10. Qf3 Nf8 11. Nce2 Ng6 12. c3 Be7 13. Nf5 Bxf5 14. Qxf5 Nh4 15. Qf4 Ng6 16. Qf3 Nh4 17. Qf4 Ng6 18. Qf3 Nh4 19. Qf4 1/2-1/2

[Event "TUR-ch U13/18"]
[Site "Antalya"]
[Date "2023.01.23"]
[Round "2"]
[White "Caliskan, Seha"]
[Black "Kaynak, Deniz Can"]
[Result "1-0"]
[WhiteElo "1954"]
[BlackElo "1620"]
[PlyCount "61"]
[EventDate "2023.01.17"]
[EventType "swiss"]
[EventRounds "10"]
[EventCountry "TUR"]
[SourceTitle "EXT 2024"]
[Source "ChessBase"]
[SourceDate "2023.10.10"]
[SourceVersion "1"]
[SourceVersionDate "2023.10.10"]
[SourceQuality "1"]

1. d4 Nf6 2. Nf3 d6 3. c4 g6 4. Nc3 Bg7 5. e4 0-0 6. h3 c5 7. d5 e6 8. Bd3 exd5 9. exd5 Re8+ 10. Be3 Rxe3+ 11. fxe3 Nbd7 12. 0-0 Qe7 13. Qd2 Nh5 14. Rf2 Ne5 15. g4 Nf6 16. Nxe5 Qxe5 17. Rf3 h5 18. gxh5 Qxh5 19. Qg2 Nh7 20. Ne4 Be5 21. Raf1 Kh8 22. Rxf7 Bxh3 23. Qf3 Bh2+ 24. Kxh2 Bg4+ 25. Kg2 Bxf3+ 26. R1xf3 Ng5 27. Nxg5 Qxg5+ 28. Rg3 Qe5 29. Rxb7 Rf8 30. Bxg6 Rf6 31. Bd3 1-0

[Event "TUR-ch U13/18"]
[Site "Antalya"]
[Date "2023.01.23"]
[Round "3"]
[White "Ozcan, Alp Orcun"]
[Black "Caliskan, Seha"]
[Result "0-1"]
[WhiteElo "1571"]
[BlackElo "1954"]
[PlyCount "74"]
[EventDate "2023.01.17"]
[EventType "swiss"]
[EventRounds "10"]
[EventCountry "TUR"]
[SourceTitle "EXT 2024"]
[Source "ChessBase"]
[SourceDate "2023.10.10"]
[SourceVersion "1"]
[SourceVersionDate "2023.10.10"]
[SourceQuality "1"]

1. e4 e6 2. d4 d5 3. Nd2 c5 4. exd5 exd5 5. Ngf3 Nc6 6. Bb5 cxd4 7. Qe2+ Qe7 8. Nb3 Qxe2+ 9. Bxe2 Nf6 10. Nfxd4 Bd6 11. 0-0 0-0 12. h3 Re8 13. Be3 a6 14. Nxc6 bxc6 15. Bd3 a5 16. Rfe1 a4 17. Nc5 Rxe3 18. Rxe3 Bxc5 19. Re2 g6 20. c3 Ba6 21. Rd1 Bxd3 22. Rxd3 Rb8 23. c4 Ne4 24. cxd5 Nxf2 25. Rc3 Ne4+ 26. Rxc5 Nxc5 27. dxc6 Rc8 28. Rc2 Rxc6 29. b4 axb3 30. axb3 Rc7 31. Kf1 Kf8 32. Rc3 Ke7 33. Ke2 Kd6 34. b4 Na6 35. Rd3+ Kc6 36. Kf3 Kb5 37. Rd1 Nc5 0-1

[Event "TUR-chT 1st League"]
[Site "Konya"]
[Date "2022.08.27"]
[Round "8.5"]
[White "Can, Furkan"]
[Black "Caliskan, Seha"]
[Result "1-0"]
[WhiteElo "2101"]
[BlackElo "1813"]
[PlyCount "97"]
[EventDate "2022.08.22"]
[EventType "team-swiss"]
[EventRounds "9"]
[EventCountry "TUR"]
[SourceTitle "CBM 209 Extra"]
[Source "ChessBase"]
[SourceDate "2022.09.30"]
[SourceVersion "1"]
[SourceVersionDate "2022.09.30"]
[SourceQuality "1"]
[WhiteTeam "Mercan Sanat"]
[BlackTeam "Yalova Belediye"]
[WhiteTeamCountry "TUR"]
[BlackTeamCountry "TUR"]

1. d4 e6 2. Nf3 Nf6 3. Nbd2 d5 4. e3 c5 5. c3 Nbd7 6. Bd3 b6 7. e4 dxe4 8. Nxe4 Bb7 9. Nxf6+ Qxf6 10. Bg5 Bxf3 11. Qd2 Bxg2 12. Bxf6 Bxh1 13. Bh4 Bc6 14. d5 Bxd5 15. Bb5 Be7 16. Bxe7 Kxe7 17. Bxd7 Kxd7 18. c4 Kc6 19. cxd5+ exd5 20. 0-0-0 Rad8 21. Qf4 Rd7 22. Qa4+ Kc7 23. Qxa7+ Kc6 24. Qa4+ Kc7 25. Rd3 f6 26. Ra3 Kd6 27. Qf4+ Kc6 28. Ra6 Rb7 29. Qa4+ Kc7 30. Qb5 Rd8 31. a4 Rd6 32. a5 Rc6 33. Kd2 c4 34. axb6+ Rbxb6 35. Rxb6 Rxb6 36. Qc5+ Rc6 37. Qe7+ Kb6 38. Kc3 Rc7 39. Qd6+ Rc6 40. Qxd5 h6 41. Qd8+ Rc7 42. Qb8+ Rb7 43. Qd6+ Kb5 44. Qd5+ Ka6 45. Qxc4+ Kb6 46. Qe6+ Kb5 47. b4 Rc7+ 48. Kb3 Rb7 49. Qd5+ 1-0

[Event "TUR-chT 1st League"]
[Site "Konya"]
[Date "2022.08.26"]
[Round "7.4"]
[White "Caliskan, Seha"]
[Black "Ozdemir, Serhan Berat"]
[Result "1/2-1/2"]
[WhiteElo "1813"]
[BlackElo "2147"]
[PlyCount "117"]
[EventDate "2022.08.22"]
[EventType "team-swiss"]
[EventRounds "9"]
[EventCountry "TUR"]
[SourceTitle "CBM 209 Extra"]
[Source "ChessBase"]
[SourceDate "2022.09.30"]
[SourceVersion "1"]
[SourceVersionDate "2022.09.30"]
[SourceQuality "1"]
[WhiteTeam "Yalova Belediye"]
[BlackTeam "Pamukkale Universiteli"]
[WhiteTeamCountry "TUR"]
[BlackTeamCountry "TUR"]

1. d4 Nf6 2. Nf3 g6 3. c4 Bg7 4. Nc3 0-0 5. e4 d6 6. h3 Na6 7. Be3 c5 8. d5 e6 9. Bd3 exd5 10. exd5 Re8 11. 0-0 Nc7 12. Qd2 Rb8 13. Bg5 Qd7 14. Rfe1 a6 15. Bh6 b5 16. Bxg7 Kxg7 17. Rxe8 Ncxe8 18. b3 bxc4 19. bxc4 Qd8 20. Rb1 Rxb1+ 21. Nxb1 Nd7 22. Qc3+ Qf6 23. Kf1 Nb6 24. Qb3 Nd7 25. Qc3 Nb6 26. Ke2 Bd7 27. Nfd2 Na4 28. Qxf6+ Nxf6 29. g4 g5 30. a3 h6 31. Ke3 Nb2 32. Be2 Ba4 33. Nc3 Bc2 34. Nf1 Nd7 35. Kd2 Bb3 36. Ne3 Nb6 37. Nf5+ Kf6 38. Ne4+ Ke5 39. Nexd6 N2xc4+ 40. Nxc4+ Bxc4 41. d6 Bxe2 42. Kxe2 h5 43. Kd3 hxg4 44. hxg4 Ke6 45. a4 Nc8 46. Kc4 Nxd6+ 47. Kxc5 Ne4+ 48. Kb6 Nxf2 49. Ne3 Kd6 50. Kxa6 Kc6 51. Ka7 Ne4 52. Nc2 Nf6 53. a5 Nxg4 54. Nd4+ Kc7 55. a6 Ne5 56. Nb5+ Kc6 57. Nd4+ Kc7 58. Nb5+ Kc6 59. Nd4+ 1/2-1/2

[Event "TUR Cup"]
[Site "Antalya"]
[Date "2020.01.30"]
[Round "7"]
[White "Bek, Emir"]
[Black "Caliskan, Seha"]
[Result "1/2-1/2"]
[WhiteElo "1829"]
[BlackElo "1673"]
[PlyCount "147"]
[EventDate "2020.01.26"]
[EventType "swiss"]
[EventRounds "11"]
[EventCountry "TUR"]
[SourceTitle "CBM 194 Extra"]
[Source "ChessBase"]
[SourceDate "2020.03.31"]
[SourceVersion "1"]
[SourceVersionDate "2020.03.31"]
[SourceQuality "1"]

1. d4 e6 2. c4 Nf6 3. Nc3 Bb4 4. Nf3 d5 5. Bg5 dxc4 6. e4 h6 7. Bxf6 Qxf6 8. Bxc4 c5 9. 0-0 cxd4 10. Nb5 Qe7 11. Qxd4 0-0 12. Nxa7 Bc5 13. Nxc8 Rxc8 14. Qd3 Nc6 15. Rfc1 Rd8 16. Qe2 Nd4 17. Nxd4 Rxd4 18. a3 Rad8 19. Rd1 Qf6 20. Rd3 Rxd3 21. Bxd3 Qxf2+ 22. Qxf2 Bxf2+ 23. Kxf2 Rxd3 24. b4 Rb3 25. Rc1 Rxa3 26. Rc7 Rb3 27. Rxb7 g5 28. b5 Kg7 29. b6 Kf6 30. h3 h5 31. g3 h4 32. gxh4 gxh4 33. Rb8 Rxh3 34. b7 Rb3 35. Rh8 Rxb7 36. Rxh4 Ke5 37. Ke3 Rb3+ 38. Kf2 f6 39. Ke2 Rg3 40. Kf2 Rd3 41. Rg4 Rh3 42. Ke2 Kd4 43. Rg6 Kxe4 44. Rxf6 Rh2+ 45. Ke1 e5 46. Re6 Kd4 47. Re8 Ra2 48. Re7 e4 49. Rh7 Kd3 50. Re7 Ke3 51. Kf1 Ra1+ 52. Kg2 Rd1 53. Re8 Re1 54. Re7 Kd2 55. Ra7 Rc1 56. Rd7+ Ke2 57. Re7 Rc4 58. Re8 e3 59. Re7 Rc3 60. Re8 Kd2 61. Kf3 Rd3 62. Re7 Rd6 63. Ra7 Rf6+ 64. Kg2 Re6 65. Ra2+ Kd3 66. Ra3+ Kd2 67. Ra2+ Kc3 68. Kf3 Kd3 69. Ra3+ Kd4 70. Ra4+ Kc3 71. Ra3+ Kd2 72. Ra2+ Kd1 73. Ra1+ Kc2 74. Ra2+ 1/2-1/2

[Event "World School-ch U13"]
[Site "Antalya"]
[Date "2019.04.22"]
[Round "5"]
[White "Nessipbayev, Bekmukhamed"]
[Black "Caliskan, Seha"]
[Result "1/2-1/2"]
[WhiteElo "1586"]
[BlackElo "1802"]
[PlyCount "52"]
[EventDate "2019.04.18"]
[EventType "swiss"]
[EventRounds "9"]
[EventCountry "TUR"]
[SourceTitle "CBM 190 Extra"]
[Source "ChessBase"]
[SourceDate "2019.07.15"]
[SourceVersion "1"]
[SourceVersionDate "2019.07.15"]
[SourceQuality "1"]

1. d4 e6 2. c4 Nf6 3. g3 d5 4. Nf3 dxc4 5. Bg2 Bd7 6. Qc2 c5 7. Qxc4 Bc6 8. 0-0 Nbd7 9. Nc3 Rc8 10. Qd3 cxd4 11. Nxd4 Bxg2 12. Kxg2 a6 13. Nf3 Be7 14. Bf4 Qb6 15. Na4 Qa5 16. b3 b5 17. Bd2 Qd8 18. Nc3 0-0 19. Rac1 Qb6 20. e4 Rfd8 21. Qe2 b4 22. Na4 Qb7 23. Rfe1 Nc5 24. Nxc5 Bxc5 25. Bg5 Be7 26. Rxc8 Rxc8 1/2-1/2

[Event "TUR Cup"]
[Site "Antalya"]
[Date "2019.02.02"]
[Round "10"]
[White "Caliskan, Seha"]
[Black "Tahaoglu, Erkin"]
[Result "1-0"]
[WhiteElo "1917"]
[BlackElo "1714"]
[PlyCount "63"]
[EventDate "2019.01.27"]
[EventType "swiss"]
[EventRounds "11"]
[EventCountry "TUR"]
[SourceTitle "CBM 188 Extra"]
[Source "ChessBase"]
[SourceDate "2019.02.26"]
[SourceVersion "1"]
[SourceVersionDate "2019.02.26"]
[SourceQuality "1"]

1. d4 Nf6 2. Nf3 e6 3. Bg5 Be7 4. Nbd2 h6 5. Bh4 b6 6. e4 0-0 7. Bd3 Ba6 8. Bxa6 Nxa6 9. 0-0 c5 10. c3 d5 11. exd5 Nxd5 12. Bxe7 Qxe7 13. Qe2 Nac7 14. dxc5 Qxc5 15. Nb3 Qe7 16. Nbd4 Qf6 17. a4 Rfe8 18. Ne5 Qg5 19. g3 Qe7 20. Rfd1 f6 21. Nc4 a6 22. Nd2 Qf7 23. Ne4 Qg6 24. Qf3 f5 25. Nd6 Red8 26. Nc4 b5 27. Ne5 Qf6 28. Ndc6 Re8 29. b3 Kh8 30. Rac1 Ne7 31. Nd7 Qg5 32. Nce5 1-0

[Event "TUR Cup"]
[Site "Antalya"]
[Date "2019.01.31"]
[Round "8"]
[White "Caliskan, Seha"]
[Black "Ozsakallioglu, Okan"]
[Result "0-1"]
[WhiteElo "1917"]
[BlackElo "2051"]
[PlyCount "80"]
[EventDate "2019.01.27"]
[EventType "swiss"]
[EventRounds "11"]
[EventCountry "TUR"]
[SourceTitle "CBM 188 Extra"]
[Source "ChessBase"]
[SourceDate "2019.02.26"]
[SourceVersion "1"]
[SourceVersionDate "2019.02.26"]
[SourceQuality "1"]

1. d4 Nf6 2. Nf3 g6 3. Bg5 Bg7 4. Nbd2 d6 5. e4 0-0 6. c3 c5 7. dxc5 dxc5 8. Be2 Qc7 9. 0-0 Nc6 10. Qc2 h6 11. Be3 b6 12. h3 Nh5 13. Rfe1 Nf4 14. Bf1 g5 15. Rad1 Bb7 16. a4 Ng6 17. Bc4 e6 18. Ba2 Rfd8 19. b4 cxb4 20. cxb4 Qe7 21. b5 Nb4 22. Qb1 Nxa2 23. Qxa2 Rd3 24. Rc1 Ra3 25. Qc4 Rc8 26. Qf1 Rxc1 27. Rxc1 Rxa4 28. Qd3 Ra3 29. Qc4 Ne5 30. Qc7 Qxc7 31. Rxc7 Ra1+ 32. Kh2 Nxf3+ 33. Nxf3 Bxe4 34. Rc8+ Kh7 35. Nd4 Be5+ 36. f4 gxf4 37. Bf2 f3+ 38. g3 Ra2 39. Kg1 Rxf2 40. Kxf2 Bxd4+ 0-1

[Event "TUR Cup"]
[Site "Antalya"]
[Date "2019.01.28"]
[Round "2"]
[White "Caliskan, Seha"]
[Black "Turan, Fatih"]
[Result "1-0"]
[WhiteElo "1917"]
[BlackElo "1251"]
[PlyCount "113"]
[EventDate "2019.01.27"]
[EventType "swiss"]
[EventRounds "11"]
[EventCountry "TUR"]
[SourceTitle "CBM 188 Extra"]
[Source "ChessBase"]
[SourceDate "2019.02.26"]
[SourceVersion "1"]
[SourceVersionDate "2019.02.26"]
[SourceQuality "1"]

1. d4 Nf6 2. Nf3 g6 3. Bg5 Bg7 4. Nbd2 d6 5. e4 0-0 6. c3 Nbd7 7. Be2 e5 8. dxe5 dxe5 9. 0-0 Qe7 10. b4 Rd8 11. Qc2 a5 12. a3 h6 13. Bh4 Nb6 14. Nb3 axb4 15. axb4 Rxa1 16. Rxa1 g5 17. Bg3 Nh5 18. Nfd2 Nxg3 19. hxg3 g4 20. f3 Qg5 21. Kf2 h5 22. Rh1 Bh6 23. Nf1 Be6 24. Nc5 Bc4 25. Nxb7 Ra8 26. Na5 Bxe2 27. Qxe2 Kg7 28. Ne3 Rd8 29. Nf5+ Kg8 30. Rd1 Rxd1 31. Qxd1 Qd2+ 32. Qe2 Bg5 33. Qxd2 Bxd2 34. fxg4 hxg4 35. Nc6 Bxc3 36. Nh6+ Kf8 37. Nxg4 Nd7 38. Ke2 f6 39. Kd3 Be1 40. Ne3 Nb6 41. g4 Ke8 42. b5 Bf2 43. Nf5 Bc5 44. g5 Kf7 45. Nd8+ Kg6 46. Ne6 Bg1 47. gxf6 Kxf6 48. Nxc7 Kg5 49. Ne3 Kf6 50. Ncd5+ Nxd5 51. exd5 Ke7 52. Nc4 Bd4 53. Ke4 Kf6 54. b6 Ke7 55. b7 Ba7 56. Nxe5 Kd6 57. Nc6 1-0

[Event "EU-chT U12"]
[Site "Bad Blankenburg"]
[Date "2018.07.18"]
[Round "9.3"]
[White "Caliskan, Seha"]
[Black "Pasti, Aron"]
[Result "0-1"]
[WhiteElo "1874"]
[BlackElo "2069"]
[PlyCount "146"]
[EventDate "2018.07.12"]
[EventType "team-tourn"]
[EventRounds "9"]
[EventCountry "GER"]
[SourceTitle "EXT 2019"]
[Source "ChessBase"]
[SourceDate "2018.10.10"]
[SourceVersion "1"]
[SourceVersionDate "2018.10.10"]
[SourceQuality "1"]
[WhiteTeam "Turkey U12"]
[BlackTeam "Hungary U12"]
[WhiteTeamCountry "TUR"]
[BlackTeamCountry "HUN"]

1. d4 d5 2. c4 e6 3. Nc3 Nf6 4. cxd5 exd5 5. Bg5 Be7 6. e3 0-0 7. Bd3 h6 8. Bh4 c6 9. Nge2 Ne4 10. Bxe7 Qxe7 11. 0-0 f5 12. Qc1 Nd7 13. f3 Nd6 14. Ng3 Nf6 15. Qd2 Bd7 16. Rae1 Rae8 17. e4 fxe4 18. fxe4 dxe4 19. Ncxe4 Ndxe4 20. Nxe4 Nxe4 21. Rxf8+ Qxf8 22. Rxe4 Rd8 23. Qe3 Qd6 24. Re7 Kf8 25. Re5 Re8 26. Qf4+ Qf6 27. Qxf6+ gxf6 28. Rxe8+ Bxe8 29. Kf2 Bf7 30. a3 Ke7 31. Ke3 Kd6 32. Be4 Be6 33. Kf4 Bd7 34. Bf5 Be8 35. Bc8 Kc7 36. Be6 Bg6 37. h4 Kd6 38. Bg8 Ke7 39. g4 Bc2 40. Bc4 Bh7 41. Be2 Bc2 42. Bf3 Bb3 43. Kf5 Kf7 44. h5 Be6+ 45. Kf4 Bb3 46. Be4 Ke6 47. Bf5+ Kd6 48. Bc8 Kc7 49. Bf5 Kd6 50. Bh7 Ke7 51. Bg6 Ke6 52. Be4 Kf7 53. Bf5 Ke7 54. Bc8 b6 55. Bb7 c5 56. d5 b5 57. Ba6 b4 58. axb4 cxb4 59. Ke4 Bd1 60. Bc8 a5 61. Kf4 a4 62. Ba6 Bb3 63. Bd3 a3 64. bxa3 bxa3 65. Bb1 Bxd5 66. Kf5 Bf7 67. Kf4 a2 68. Bxa2 Bxa2 69. Kg3 Ke6 70. Kf4 Bd5 71. Kg3 Ke5 72. Kh3 Kf4 73. Kh4 Bg2 0-1

[Event "Veliko Gradiste Silver Lake op"]
[Site "Veliko Gradiste"]
[Date "2018.06.19"]
[Round "4"]
[White "Parnali, S Dharia"]
[Black "Caliskan, Seha"]
[Result "1-0"]
[WhiteElo "2148"]
[BlackElo "1791"]
[PlyCount "97"]
[EventDate "2018.06.17"]
[EventType "swiss"]
[EventRounds "9"]
[EventCountry "SRB"]
[SourceTitle "CBM 185 Extra"]
[Source "ChessBase"]
[SourceDate "2018.07.29"]
[SourceVersion "1"]
[SourceVersionDate "2018.07.29"]
[SourceQuality "1"]

1. d4 d5 2. c4 c6 3. cxd5 cxd5 4. Nc3 Nc6 5. Bf4 Bf5 6. e3 e6 7. Nf3 Nf6 8. Ne5 Nd7 9. Bb5 Ndxe5 10. Bxe5 f6 11. Bg3 a6 12. Ba4 b5 13. Bb3 Be7 14. 0-0 Na5 15. f3 Nxb3 16. Qxb3 Bg6 17. Rac1 0-0 18. Ne2 Bd6 19. Bxd6 Qxd6 20. Rc5 Rfc8 21. Rfc1 Qd7 22. Qa3 Qb7 23. Nf4 Bf7 24. Nd3 Be8 25. Rxc8 Rxc8 26. Rxc8 Qxc8 27. Nc5 e5 28. Qxa6 Qc7 29. Qa8 Qc6 30. Qxc6 Bxc6 31. Kf2 Kf7 32. Ke2 Ke7 33. Kd2 Kd6 34. Kc3 f5 35. f4 exf4 36. exf4 h6 37. h4 Ke7 38. Kb4 Kf6 39. Nd3 g5 40. hxg5+ hxg5 41. g3 gxf4 42. gxf4 Ke6 43. Kc5 Bd7 44. Nb4 Kf7 45. Nxd5 Kg6 46. Kd6 Be8 47. Ke5 Bf7 48. Ne7+ Kh7 49. d5 1-0

[Event "TUR-chT2"]
[Site "Konya"]
[Date "2017.07.10"]
[Round "2.12"]
[White "Ozdemir, Burak Kaan"]
[Black "Caliskan, Seha"]
[Result "0-1"]
[WhiteElo "1368"]
[BlackElo "1733"]
[PlyCount "54"]
[EventDate "2017.07.09"]
[EventType "team-swiss"]
[EventRounds "9"]
[EventCountry "TUR"]
[SourceTitle "CBM 179 Extra"]
[Source "ChessBase"]
[SourceDate "2017.08.23"]
[SourceVersion "1"]
[SourceVersionDate "2017.08.23"]
[SourceQuality "1"]
[WhiteTeam "Ataturk Univ"]
[BlackTeam "Masal Diyari"]
[WhiteTeamCountry "TUR"]
[BlackTeamCountry "TUR"]

1. e4 e6 2. d4 d5 3. Nc3 Nf6 4. Bg5 Be7 5. Bd3 a6 6. Nf3 0-0 7. Qd2 b5 8. e5 Nfd7 9. h4 c5 10. Bxh7+ Kxh7 11. Bxe7 Qxe7 12. Ng5+ Kg8 13. Qd3 f5 14. exf6 Nxf6 15. h5 cxd4 16. Qxd4 Nc6 17. Qh4 Qb4 18. Qg3 Qg4 19. Qh4 e5 20. f3 Qxh4+ 21. Rxh4 Bf5 22. 0-0-0 Nd4 23. f4 Nxc2 24. fxe5 Ng4 25. Nxd5 Ra7 26. e6 Nce3 27. e7 Rc8+ 0-1

[Event "EU-ch U10 26th"]
[Site "Prague"]
[Date "2016.08.26"]
[Round "8"]
[White "Caliskan, Seha"]
[Black "Pilar, Vit"]
[Result "1-0"]
[WhiteElo "1645"]
[BlackElo "1453"]
[PlyCount "133"]
[EventDate "2016.08.18"]
[EventType "swiss"]
[EventRounds "9"]
[EventCountry "CZE"]
[SourceTitle "CBM 174 Extra"]
[Source "ChessBase"]
[SourceDate "2016.10.10"]
[SourceVersion "1"]
[SourceVersionDate "2016.10.10"]
[SourceQuality "1"]

1. d4 d5 2. Nf3 c5 3. c3 cxd4 4. cxd4 Nc6 5. Bf4 Nf6 6. e3 a6 7. Nbd2 Bg4 8. Be2 e6 9. h3 Bh5 10. 0-0 Be7 11. Rc1 0-0 12. a3 Rc8 13. b4 a5 14. b5 Na7 15. Qb3 Ne4 16. Bd3 Nxd2 17. Nxd2 Bg6 18. Bxg6 hxg6 19. Nf3 Qd7 20. a4 Bb4 21. Ne5 Qe7 22. Nd3 Ba3 23. Ra1 Bd6 24. Bxd6 Qxd6 25. Rac1 b6 26. Qb2 Qd7 27. Rxc8 Rxc8 28. Rc1 f6 29. Rxc8+ Qxc8 30. Qc1 Qxc1+ 31. Nxc1 Nc8 32. Nd3 Nd6 33. Nb2 Kf7 34. Kf1 e5 35. Ke2 Nf5 36. Kd3 e4+ 37. Ke2 Nh4 38. g3 Nf3 39. h4 g5 40. hxg5 Nxg5 41. Nd1 Ke6 42. Nc3 Nf7 43. Nd1 Nd6 44. Nc3 Nc4 45. g4 g5 46. f3 exf3+ 47. Kxf3 Nd2+ 48. Ke2 Ne4 49. Nxe4 dxe4 50. Kd2 f5 51. gxf5+ Kxf5 52. Ke2 Ke6 53. Kf2 Kd5 54. Kg3 Kc4 55. Kg4 Kb4 56. d5 Kc5 57. Kxg5 Kxd5 58. Kf4 Kc4 59. Kxe4 Kb4 60. Kd4 Kxa4 61. Kc4 Ka3 62. e4 Kb2 63. e5 a4 64. e6 a3 65. e7 a2 66. e8Q Kb1 67. Qe2 1-0

[Event "EU-ch U10 26th"]
[Site "Prague"]
[Date "2016.08.22"]
[Round "5"]
[White "Tobak, Mikhail"]
[Black "Caliskan, Seha"]
[Result "1/2-1/2"]
[WhiteElo "1315"]
[BlackElo "1645"]
[PlyCount "57"]
[EventDate "2016.08.18"]
[EventType "swiss"]
[EventRounds "9"]
[EventCountry "CZE"]
[SourceTitle "CBM 174 Extra"]
[Source "ChessBase"]
[SourceDate "2016.10.10"]
[SourceVersion "1"]
[SourceVersionDate "2016.10.10"]
[SourceQuality "1"]

1. Nf3 d5 2. g3 c6 3. Bg2 Nf6 4. 0-0 Bg4 5. d3 Nbd7 6. Nbd2 e6 7. e4 Be7 8. Re1 0-0 9. e5 Ne8 10. d4 Nc7 11. h3 Bh5 12. Nf1 c5 13. c3 Rc8 14. g4 Bg6 15. Ne3 Na6 16. Nh2 cxd4 17. cxd4 Bg5 18. Rf1 Bxe3 19. Bxe3 Nb4 20. Qd2 Qb6 21. a3 Nc2 22. Rfd1 Qxb2 23. Rab1 Qxa3 24. Rxb7 Nb6 25. Bg5 Qa6 26. Re7 Nc4 27. Qf4 Nb4 28. h4 Bd3 29. Bf6 1/2-1/2